000 004970000a22001810004500
003 MACL
005 20160225152101.0
008 160225b xxu||||| |||| 00| 0 eng d
040 _aMACL
_cMACL
041 _aHindi
082 _a800
100 _aविराज
_940422
245 _aवसन्‍त के फूल
260 _bनेशनल पब्लिशिंग हाउस
_aदिल्‍ली
350 _a4
650 _aLiteracture
_939932
942 _cHIN
_k800
_2ddc
999 _c24680
_d24680